| 000 | 00378nam a22001577a 4500 | ||
|---|---|---|---|
| 082 | _aP-524 | ||
| 100 |
_aMoghees Ali _948285 |
||
| 245 |
_aRainwater harvesting _cMoghees Ali, Bilal Zafar |
||
| 260 |
_aRisalpur _bMCE _c2013 |
||
| 300 | _a88 p. | ||
| 526 |
_a0 _b0 _c0 _dP_524 |
||
| 526 |
_a0 _b0 _c0 |
||
| 650 | _aProject | ||
| 700 |
_aDr Naeem Shahzad _934734 |
||
| 942 |
_2ddc _cBK |
||
| 999 |
_c551275 _d551275 |
||